000 00606nam a2200217Ia 4500
008 160418s9999 xx 000 0 und d
020 _a971-23-3604-2
050 _aFIL PN 6014
050 _b.L33 2003
100 _aLacia, Ferdilyn C.
245 4 _aThe Literatures of the world /
245 _cFerdilyn C. Laciam Gina O. Gonong.
260 _aManila :
260 _bRex Book Store, Inc.,
260 _c2003
300 _a255 pages :
300 _billustrations ;
300 _c22 cm.
500 _aIncludes bibliographical references and index.
650 _aLiterature -- Collected works.
999 _c293528
_d293528